000 00783nam a2200229 4500
001 178759
003 ES-MaACL
005 20251011063156.0
008 110616s2009 sp |||| | spa d
020 _a978-84-7522-724-5
080 _a821.134.2-14"19"
100 1 _aLucas, Antonio,
_d1975-
_974523
245 1 4 _aLos mundos contrarios /
_cAntonio Lucas.
260 _aMadrid :
_bVisor Libros,
_c[2009]
300 _a70 p. ;
_c20 cm.
490 1 _aColección Visor de poesía ;
_v724
586 _aXXX Premio Internacional de Poesía Ciudad de Melilla
830 0 _aColección Visor de poesía
_v724
_9177331
852 _aES-MaACL
_jA-11287
_9185619
_bR.145599
_cDEPO1
_dOlim: N-4291
942 _2udc
_cMONOGRAFIA
999 _c178759
_d178759